000 00545nam a2200205Ia 4500
003 GCL
008 140319s9999 xx 000 0 eng d
040 _aGCL /
_cGCL
082 0 4 _a971.06
_bL T
100 1 _aLITCH FIELD, RANDALL
245 1 0 _aTHE BEST OF CANADA /
_cLITCH FIELD, RANDALL
260 _a[S.N] :
_bINTERNATIONAL TRADE PROMOTION INCORPORAT ،
_c1990
300 _a223 P
650 0 4 _aENERGY
650 0 4 _aFREE TRADE
650 0 4 _aFINANCIAL SERVICES INDUSTRY
650 0 4 _aCANADA
650 0 4 _aINVESTMENTS
942 _2ddc
_cBK
999 _c19278
_d19278